Presvedčí LIDL slovenský národ ?

Ponuku potravinárskeho sortimentu siete Lidl tvoria len základné kategórie v najnižšom cenovom segmente. Sú ale zabalené v takých príťažlivých obaloch, že im je ťažké odolať.

Salvato in:
Dettagli Bibliografici
Autore principale: Hinková-Dibarborová, Andrea
Natura: Capitolo di libro
Lingua:slovacco
Soggetti:
Tags: Aggiungi Tag
Nessun Tag, puoi essere il primo ad aggiungerne!!

MARC

LEADER 00000naa$a2200000$$$4500
001 0007406
005 20231107125136.4
041 0 |a slo 
044 |a SK 
245 1 0 |a Presvedčí LIDL slovenský národ ?  |c aut. Andrea Hinková-Dibarborová 
520 |a Ponuku potravinárskeho sortimentu siete Lidl tvoria len základné kategórie v najnižšom cenovom segmente. Sú ale zabalené v takých príťažlivých obaloch, že im je ťažké odolať. 
610 2 0 |a siete obchodné 
610 2 0 |a sortiment 
610 2 0 |a technika obalová 
610 2 0 |a ceny 
610 2 0 |a Slovensko 
100 1 |a Hinková-Dibarborová, Andrea